[Event "64th ch-GRE 2014"]
[Site "Vrachati GRE"]
[Date "2014.12.07"]
[Round "5.2"]
[White "Stathopoulos, Ioannis"]
[Black "Kourkoulos-Arditis, Stamatis"]
[Result "1-0"]
[WhiteTitle "FM"]
[BlackTitle "FM"]
[WhiteElo "2271"]
[BlackElo "2294"]
[WhiteFideId "4223098"]
[BlackFideId "4221990"]
[EventDate "2014.12.03"]

1. d4 Nf6 2. c4 e6 3. Nf3 b6 4. g3 Ba6 5. b3 Bb4+ 6. Bd2 Be7 7. Nc3 O-O 8. e4 d5
9. cxd5 Bxf1 10. Kxf1 exd5 11. e5 Ne4 12. Kg2 Qd7 13. Re1 Nxc3 14. Bxc3 Qe6 15.
b4 a5 16. bxa5 bxa5 17. Rb1 Nd7 18. Rb5 a4 19. Qe2 Nb6 20. Bb4 Rae8 21. Bc5 Nd7
22. Bxe7 Rxe7 23. Qd3 Qa6 24. Re3 c6 25. Rb4 Qa5 26. Qa3 Qc7 27. Rc3 f6 28. Rb7
Qd8 29. Qd6 fxe5 30. dxe5 Qa5 31. Re3 d4 32. Qxe7 1-0

[Event "64th ch-GRE 2014"]
[Site "Vrachati GRE"]
[Date "2014.12.07"]
[Round "5.3"]
[White "Kotronias, Vasilios"]
[Black "Kapnisis, Spyridon"]
[Result "1/2-1/2"]
[WhiteTitle "GM"]
[BlackTitle "GM"]
[WhiteElo "2566"]
[BlackElo "2451"]
[WhiteFideId "5900212"]
[BlackFideId "4203445"]
[EventDate "2014.12.03"]

1. e4 c5 2. Nf3 Nc6 3. d4 cxd4 4. Nxd4 g6 5. c4 Bg7 6. Be3 Nf6 7. Nc3 O-O 8. Be2
d6 9. O-O Bd7 10. Qd2 Nxd4 11. Bxd4 Bc6 12. f3 Nd7 13. Be3 a5 14. b3 Nc5 15.
Rab1 e6 16. Rfd1 Be5 17. g3 b6 18. Nb5 Qb8 19. Bg5 Bxb5 20. cxb5 Ra7 21. Qe3 Rd7
22. Bc4 Re8 23. Qf2 Qb7 24. Re1 Bc3 25. Re2 Rc8 26. Qe3 Bg7 27. Rbe1 h5 28. Bh6
Bh8 29. g4 hxg4 30. fxg4 Qxe4 31. Qxe4 Nxe4 32. Bxe6 fxe6 33. Rxe4 e5 34. Rc4
Rxc4 35. bxc4 d5 36. cxd5 Rxd5 37. Rb1 e4 38. Be3 Bd4 39. Kf2 Kf7 40. Bxd4 Rxd4
41. Ke3 Ra4 42. Rc1 Kf6 43. Rc8 g5 44. Rf8+ Kg6 45. Re8 Kf6 46. Rf8+ Kg6 47. Rd8
Kf6 48. Rf8+ 1/2-1/2

[Event "64th ch-GRE 2014"]
[Site "Vrachati GRE"]
[Date "2014.12.07"]
[Round "5.4"]
[White "Banikas, Hristos"]
[Black "Goumas, Georgios"]
[Result "1-0"]
[WhiteTitle "GM"]
[WhiteElo "2637"]
[BlackElo "2378"]
[WhiteFideId "4202031"]
[BlackFideId "4208935"]
[EventDate "2014.12.03"]

1. d4 Nf6 2. c4 e6 3. Nf3 Bb4+ 4. Bd2 Qe7 5. g3 Bxd2+ 6. Qxd2 Nc6 7. Nc3 d5 8.
cxd5 exd5 9. Bg2 O-O 10. O-O Bg4 11. Qf4 Rfe8 12. h3 Bxf3 13. Bxf3 Rad8 14. Rfd1
a6 15. Rac1 Na7 16. Rd3 c6 17. Re3 Qb4 18. a3 Qd6 19. Qxd6 Rxd6 20. Rxe8+ Nxe8
21. Na4 Nb5 22. e3 Rd8 23. Nc5 Nbd6 24. Rc3 Rc8 25. Be2 Nf6 26. f3 Kf8 27. Bd3
Rc7 28. a4 Nd7 29. Nxd7+ Rxd7 30. Kf2 h6 31. b4 Ke7 32. e4 dxe4 33. fxe4 Ne8 34.
Ke3 Nc7 35. Bc4 g6 36. Rc2 f5 37. e5 Nd5+ 38. Bxd5 Rxd5 39. g4 a5 40. gxf5 gxf5
41. bxa5 Rxa5 42. Rb2 Ra7 43. Kf4 Rxa4 44. Kxf5 b5 45. d5 cxd5 46. Rxb5 d4 47.
Rb7+ Kd8 48. Rb3 Ke7 49. Rd3 h5 50. h4 Rb4 51. Ke4 Ke6 52. Rxd4 Rb6 53. Kf4 Ra6
54. Re4 Ra8 55. Rb4 Ra6 56. Rb5 Ra4+ 57. Kg5 Ra8 58. Kxh5 Kf5 59. Rb6 Kxe5 60.
Kg6 Rg8+ 61. Kf7 Rh8 62. h5 Kf5 63. h6 Kg5 64. Kg7 Ra8 65. Rb5+ Kg4 66. Rb7 1-0

[Event "64th ch-GRE 2014"]
[Site "Vrachati GRE"]
[Date "2014.12.07"]
[Round "5.5"]
[White "Mastrovasilis, Athanasios"]
[Black "Nikolaidis, Ioannis"]
[Result "0-1"]
[WhiteTitle "GM"]
[BlackTitle "GM"]
[WhiteElo "2521"]
[BlackElo "2559"]
[WhiteFideId "4201990"]
[BlackFideId "4202139"]
[EventDate "2014.12.03"]

1. Nf3 g6 2. c4 Bg7 3. d4 Nf6 4. e3 O-O 5. Be2 c5 6. O-O cxd4 7. exd4 d5 8. Nc3
Nc6 9. Re1 b6 10. Ne5 Bb7 11. Bf3 Na5 12. c5 bxc5 13. dxc5 Ne4 14. Bf4 Nxc3 15.
bxc3 Rc8 16. Rb1 Rxc5 17. Be3 Rxc3 18. Bd2 Bxe5 19. Rxe5 Rd3 20. Qc2 Rxd2 21.
Qxd2 Nc4 22. Rxd5 Nxd2 23. Rxd8 Nxb1 24. Rxf8+ Kxf8 25. Bxb7 Nc3 26. a3 e5 27.
Ba6 Ke7 28. Bc4 a5 29. f3 Nb1 30. a4 Nc3 31. Bb3 f6 32. Kf2 Kd6 33. Ke3 Kc5 34.
Kd3 Kb4 35. Bg8 h6 36. Bf7 g5 37. Be8 f5 38. g4 f4 39. Bf7 Nxa4 40. Ke4 Nc5+ 41.
Kxe5 a4 42. Kf6 Nb3 0-1

[Event "64th ch-GRE 2014"]
[Site "Vrachati GRE"]
[Date "2014.12.08"]
[Round "6.1"]
[White "Aggelis, Nikolaos"]
[Black "Nikolaidis, Ioannis"]
[Result "1/2-1/2"]
[WhiteTitle "FM"]
[BlackTitle "GM"]
[WhiteElo "2338"]
[BlackElo "2559"]
[WhiteFideId "4213220"]
[BlackFideId "4202139"]
[EventDate "2014.12.03"]

1. d4 Nf6 2. Nf3 g6 3. g3 Bg7 4. Bg2 O-O 5. O-O d5 6. c4 c6 7. cxd5 cxd5 8. Ne5
b6 9. Nc3 Bb7 10. Bf4 Nc6 11. Nxc6 Bxc6 12. Be5 e6 13. Qb3 Qe7 14. e3 Rfc8 15.
Rfc1 Bf8 16. Bxf6 Qxf6 17. Rc2 Qd8 18. Rac1 Qd7 19. Bf1 a6 20. a4 Qd8 21. Na2
Bb7 22. Nb4 Rxc2 23. Rxc2 Qd6 24. Nd3 Rb8 25. Rc3 Rc8 26. Rxc8 Bxc8 27. Qc3 Bb7
28. b3 Kg7 29. Be2 Be7 30. Kg2 Qd8 31. Nb4 a5 32. Nc2 e5 33. f4 e4 34. Bb5 Bd6
35. b4 h5 36. bxa5 bxa5 37. h4 Qb6 38. Kf2 Be7 39. Ne1 Bb4 40. Qc2 Qd6 41. Ng2
Qd8 42. f5 Bd6 43. Nf4 Qf6 44. Qc3 Qxf5 45. Qxa5 Bxf4 46. exf4 Qh3 47. Qc3 Qh2+
48. Kf1 Bc8 49. Be2 Bg4 50. Bxg4 hxg4 51. a5 Qa2 52. Ke1 Qa4 53. Kd2 Qa2+ 54.
Ke1 Qb1+ 55. Kf2 Qb5 56. Ke1 Kf6 57. Qc7 Qb1+ 58. Kd2 Qb2+ 59. Ke1 Qa1+ 60. Ke2
Qa2+ 61. Ke1 Qa1+ 62. Ke2 Qa2+ 63. Ke1 Kg7 1/2-1/2

[Event "64th ch-GRE 2014"]
[Site "Vrachati GRE"]
[Date "2014.12.08"]
[Round "6.2"]
[White "Goumas, Georgios"]
[Black "Mastrovasilis, Athanasios"]
[Result "1/2-1/2"]
[BlackTitle "GM"]
[WhiteElo "2378"]
[BlackElo "2521"]
[WhiteFideId "4208935"]
[BlackFideId "4201990"]
[EventDate "2014.12.03"]

1. e4 d6 2. d4 Nf6 3. Nc3 e5 4. dxe5 dxe5 5. Qxd8+ Kxd8 6. Nf3 Bd6 7. Be3 Nbd7
8. O-O-O a6 9. Bc4 Ke8 10. a4 h6 11. h3 b6 12. Bd5 Nxd5 13. Nxd5 b5 14. Rd3 Bb7
15. Nd2 Bxd5 16. Rxd5 Nf6 17. Rd3 Ke7 18. f3 Rhb8 19. Rd1 bxa4 20. Nc4 Ne8 21.
Nxd6 cxd6 22. Ra3 Rb4 23. c3 Rc4 24. Rd5 a5 25. Bb6 Rb8 26. Ba7 Ra8 27. Rxa5 Nc7
28. Kd2 Ne6 29. R5xa4 Rxa4 30. Rxa4 Nf4 31. b4 Kd7 32. b5 Kc8 33. Ra6 Nxg2 34.
Bb6 Rxa6 35. bxa6 Nf4 36. a7 Kb7 37. Bc7 Nxh3 38. Bxd6 Ng5 39. Ke3 f6 40. f4
exf4+ 41. Kxf4 g6 42. Bb8 Ne6+ 43. Ke3 h5 44. Kf3 Nc5 45. Bh2 Ne6 46. Bb8 Nf8
47. Bg3 Kxa7 48. Bh4 Nd7 49. Kf4 Kb7 50. e5 Nxe5 51. Bxf6 Nf7 52. Bd4 Kc6 53. c4
Kd6 54. Bf2 Ke6 55. Bh4 Ne5 56. c5 Nf7 57. Ke4 g5 58. Bg3 h4 59. Bh2 Nd8 60. Bf4
Kf6 61. Be5+ Ke6 62. Bf4 Nf7 63. Bh2 Nh6 64. c6 Ng4 65. c7 Nf6+ 66. Kf3 g4+ 67.
Kg2 Kd7 68. Bf4 Ne4 69. Kh2 Kc8 70. Kg2 Kd7 71. Kh2 h3 72. Be5 Nd2 73. Kg3 h2
74. Kg2 Nf3 75. Bxh2 Nxh2 76. Kxh2 Kxc7 77. Kg3 Kd6 78. Kxg4 1/2-1/2

[Event "64th ch-GRE 2014"]
[Site "Vrachati GRE"]
[Date "2014.12.08"]
[Round "6.3"]
[White "Kapnisis, Spyridon"]
[Black "Banikas, Hristos"]
[Result "0-1"]
[WhiteTitle "GM"]
[BlackTitle "GM"]
[WhiteElo "2451"]
[BlackElo "2637"]
[WhiteFideId "4203445"]
[BlackFideId "4202031"]
[EventDate "2014.12.03"]

1. e4 c5 2. Nf3 d6 3. d4 cxd4 4. Nxd4 Nf6 5. Nc3 a6 6. Bg5 Nbd7 7. Bc4 Qb6 8.
O-O Qc5 9. Bd5 g6 10. Qd2 Bg7 11. Rad1 O-O 12. Bb3 Nb6 13. h3 Bd7 14. Rfe1 a5
15. a3 a4 16. Ba2 Bc6 17. Nxc6 bxc6 18. Be3 Qa5 19. Bd4 Nbd7 20. f4 e5 21. Be3
exf4 22. Bxf4 Ne8 23. Kh1 Rb8 24. Nd5 Qxd2 25. Ne7+ Kh8 26. Bxd2 Rxb2 27. Bb1 c5
28. Nd5 Nb6 29. Bc3 Bxc3 30. Nxc3 Nc4 31. Nxa4 Rb8 32. e5 dxe5 33. Nxc5 Nf6 34.
Ba2 Nxa3 35. Rf1 Nh5 36. Rd3 Nxc2 37. Rxf7 Rxf7 38. Bxf7 Nd4 39. Re3 Nf5 40. Re1
Nf4 41. Rxe5 Rb2 42. Bd5 h5 43. Bf3 Rb1+ 44. Kh2 h4 45. Re8+ Kg7 46. Rd8 Ne3 47.
Ne4 Re1 48. Rd7+ Kh6 49. Nf6 Nf1+ 50. Kg1 Ng3+ 51. Kf2 Rf1+ 52. Ke3 Nxg2+ 53.
Bxg2 Rxf6 54. Bf3 Kg5 55. Ra7 Nf5+ 56. Ke4 Re6+ 57. Kd5 Re3 58. Bg4 Nh6 0-1

[Event "64th ch-GRE 2014"]
[Site "Vrachati GRE"]
[Date "2014.12.08"]
[Round "6.4"]
[White "Kourkoulos-Arditis, Stamatis"]
[Black "Kotronias, Vasilios"]
[Result "1-0"]
[WhiteTitle "FM"]
[BlackTitle "GM"]
[WhiteElo "2294"]
[BlackElo "2566"]
[WhiteFideId "4221990"]
[BlackFideId "5900212"]
[EventDate "2014.12.03"]

1. e4 c6 2. d4 d5 3. e5 c5 4. dxc5 e6 5. Be3 Nh6 6. f4 Nd7 7. Bb5 Nf5 8. Bf2
Qa5+ 9. Nc3 a6 10. g4 d4 11. Bxd7+ Bxd7 12. gxf5 dxc3 13. b3 O-O-O 14. Nf3 Bxc5
15. Bxc5 Qxc5 16. Qd4 Qc6 17. Qe3 exf5 18. O-O-O Be6 19. Nd4 Qc5 20. Rd3 Qa3+
21. Kd1 Qxa2 22. Ke2 Bd5 23. Rhd1 Be4 24. Rxc3+ Kb8 25. Rd2 Qa5 26. Rc4 Rc8 27.
b4 Qb6 28. Qb3 Qg6 29. Rxc8+ Rxc8 30. Qg3 Qxg3 31. hxg3 Rc3 32. Kf2 Ka7 33. Re2
Rc4 34. Ke3 h5 35. e6 fxe6 36. Nxe6 Rc3+ 37. Kd4 Rxg3 38. Rh2 g6 39. c4 Bg2 40.
c5 b6 41. Ke5 bxc5 42. bxc5 a5 43. Kd6 a4 44. c6 a3 45. Nc5 a2 46. c7 a1=Q 47.
c8=Q Qd4+ 48. Ke7 Re3+ 49. Kf7 Qc4+ 50. Kf8 Qxf4 51. Rxg2 Qd6+ 52. Kg8 Qd5+ 53.
Kh8 Re8+ 54. Qxe8 Qxg2 55. Qb5 h4 56. Qa5+ Kb8 57. Qd8+ Ka7 58. Qc7+ Ka8 59. Nd7
Qb2+ 60. Kh7 Qb7 61. Qd6 h3 62. Qf8+ Ka7 63. Qa3+ Qa6 64. Qe3+ 1-0

[Event "64th ch-GRE 2014"]
[Site "Vrachati GRE"]
[Date "2014.12.08"]
[Round "6.5"]
[White "Malikentzos, Sotirios"]
[Black "Stathopoulos, Ioannis"]
[Result "1-0"]
[WhiteTitle "FM"]
[BlackTitle "FM"]
[WhiteElo "2395"]
[BlackElo "2271"]
[WhiteFideId "4215079"]
[BlackFideId "4223098"]
[EventDate "2014.12.03"]

1. Nf3 Nf6 2. c4 b6 3. g3 Bb7 4. Bg2 g6 5. d4 Bg7 6. O-O O-O 7. d5 Ne4 8. Qc2 f5
9. Rd1 c6 10. Nfd2 cxd5 11. cxd5 Nd6 12. Nc4 Nxc4 13. Qxc4 Qc8 14. Qb3 Na6 15.
Nc3 Nc5 16. Qc2 e5 17. Bg5 Rf7 18. b4 Na6 19. Qb3 d6 20. Rac1 Qe8 21. Bd2 Rc8
22. a4 Nc7 23. b5 e4 24. Be3 Be5 25. Na2 Rf8 26. Nb4 Qf7 27. Nc6 Bxc6 28. Rxc6
Na8 29. Qb4 Rxc6 30. dxc6 Nc7 31. f4 Nd5 32. Rxd5 Qxd5 33. fxe5 dxe5 34. Qd2 Qc4
35. Bh6 Re8 36. e3 Kf7 37. Bf1 Qe6 38. Bg5 h6 39. Bc4 Qxc4 40. Qd7+ Kf8 41.
Bxh6+ 1-0

[Event "64th ch-GRE 2014"]
[Site "Vrachati GRE"]
[Date "2014.12.09"]
[Round "7.1"]
[White "Stathopoulos, Ioannis"]
[Black "Aggelis, Nikolaos"]
[Result "1/2-1/2"]
[WhiteTitle "FM"]
[BlackTitle "FM"]
[WhiteElo "2271"]
[BlackElo "2338"]
[WhiteFideId "4223098"]
[BlackFideId "4213220"]
[EventDate "2014.12.03"]

1. Nf3 d5 2. c4 dxc4 3. Qa4+ Qd7 4. Qxc4 Qc6 5. e4 Be6 6. Qxc6+ Nxc6 7. Bb5 Bd7
8. Nc3 f6 9. d4 e5 10. Be3 Bd6 11. O-O-O Nge7 12. d5 Nb8 13. Nd2 a6 14. Bxd7+
Nxd7 15. Nc4 Nc8 16. Nxd6+ cxd6 17. a4 Ncb6 18. b3 Rc8 19. Kb2 Ke7 20. a5 Na8
21. Na4 Rc7 22. Nb6 Naxb6 23. axb6 Rcc8 24. Rc1 Rhf8 25. b4 f5 26. exf5 Nf6 27.
Bg5 Kf7 28. Bxf6 Kxf6 29. g4 g6 30. fxg6 Kxg6 31. Rxc8 Rxc8 32. h4 Rc4 33. Kb3
Rxg4 34. Rc1 Rd4 35. Rc7 Rxd5 36. Rxb7 Rb5 37. Kc3 h6 38. Rb8 Kh5 39. b7 d5 40.
Re8 d4+ 41. Kc4 Rxb7 42. Rxe5+ Kxh4 43. Re6 h5 44. Rxa6 Kg4 45. Rd6 Kf3 1/2-1/2

[Event "64th ch-GRE 2014"]
[Site "Vrachati GRE"]
[Date "2014.12.09"]
[Round "7.2"]
[White "Kotronias, Vasilios"]
[Black "Malikentzos, Sotirios"]
[Result "1-0"]
[WhiteTitle "GM"]
[BlackTitle "FM"]
[WhiteElo "2566"]
[BlackElo "2395"]
[WhiteFideId "5900212"]
[BlackFideId "4215079"]
[EventDate "2014.12.03"]

1. e4 e5 2. Nf3 Nf6 3. Nxe5 d6 4. Nf3 Nxe4 5. d4 d5 6. Bd3 Nc6 7. O-O Bg4 8. c4
Nf6 9. Nc3 Bxf3 10. Qxf3 Nxd4 11. Qh3 dxc4 12. Bxc4 Be7 13. Bg5 O-O 14. Rad1 Qd6
15. Rfe1 Rad8 16. Bf1 c5 17. Nb5 Qd7 18. Qa3 Rfe8 19. Nxd4 cxd4 20. Qxa7 Qc6 21.
Bd3 Qd5 22. Bd2 Ra8 23. Qb6 Qxa2 24. b3 Bf8 25. Rxe8 Rxe8 26. Qxb7 Qa8 27. Qxa8
Rxa8 28. g3 Ra2 29. Be1 Nd7 30. Kf1 Rb2 31. Rb1 Ra2 32. b4 Ne5 33. Be4 d3 34.
Rd1 g6 35. h3 Ra4 36. Bc3 f6 37. Bd5+ Kg7 38. f4 Nd7 39. Rxd3 Bxb4 40. Rd4 Nb6
41. Bxb4 Nxd5 42. Bf8+ Kxf8 43. Rxa4 Kf7 44. Ra7+ Ne7 45. g4 h5 46. f5 Kf8 47.
fxg6 1-0

[Event "64th ch-GRE 2014"]
[Site "Vrachati GRE"]
[Date "2014.12.09"]
[Round "7.3"]
[White "Banikas, Hristos"]
[Black "Kourkoulos-Arditis, Stamatis"]
[Result "1-0"]
[WhiteTitle "GM"]
[BlackTitle "FM"]
[WhiteElo "2637"]
[BlackElo "2294"]
[WhiteFideId "4202031"]
[BlackFideId "4221990"]
[EventDate "2014.12.03"]

1. Nf3 Nf6 2. c4 e6 3. Nc3 Bb4 4. g3 O-O 5. Bg2 c5 6. O-O Nc6 7. d4 cxd4 8. Nxd4
Bxc3 9. bxc3 Qa5 10. Qb3 d5 11. cxd5 Nxd4 12. cxd4 exd5 13. Bf4 b6 14. Bd6 Re8
15. Rfe1 Bd7 16. e3 Rac8 17. Rec1 Qd2 18. Rd1 Qe2 19. Re1 Qc2 20. f3 Ba4 21.
Qxc2 Rxc2 22. Bh3 Bd7 23. Bf1 Rec8 24. Bd3 Rd2 25. Red1 Rxd1+ 26. Rxd1 Ba4 27.
Rd2 g6 28. g4 Ne8 29. Bg3 Nc7 30. Kf2 Nb5 31. e4 Nc3 32. Ba6 Re8 33. exd5 Nxd5
34. Bb7 Rd8 35. Bh4 Rd7 36. Bxd5 Rxd5 37. Bf6 Rd6 38. g5 Bb5 39. Be5 Rc6 40. d5
Rc5 41. Bb8 a6 42. Ba7 Ba4 43. Bxb6 Rc2 44. Rxc2 Bxc2 45. Bc5 Kg7 46. Be7 h6 47.
h4 hxg5 48. hxg5 Bb1 49. a3 Ba2 50. d6 Be6 51. Ke3 f5 52. gxf6+ Kf7 53. Kd4 Ke8
54. Kc5 Kd7 55. Kb6 Bc4 56. f4 Kc8 57. Kc6 Bb5+ 58. Kc5 1-0

[Event "64th ch-GRE 2014"]
[Site "Vrachati GRE"]
[Date "2014.12.09"]
[Round "7.4"]
[White "Mastrovasilis, Athanasios"]
[Black "Kapnisis, Spyridon"]
[Result "1/2-1/2"]
[WhiteTitle "GM"]
[BlackTitle "GM"]
[WhiteElo "2521"]
[BlackElo "2451"]
[WhiteFideId "4201990"]
[BlackFideId "4203445"]
[EventDate "2014.12.03"]

1. Nf3 c5 2. c4 g6 3. g3 Bg7 4. Bg2 Nc6 5. Nc3 e6 6. d4 cxd4 7. Nb5 d5 8. cxd5
exd5 9. O-O Nge7 10. Nbxd4 O-O 11. Be3 Re8 12. Qd2 Nf5 13. Nxf5 Bxf5 14. Rfd1 d4
15. Nxd4 Nxd4 16. Bxd4 Bxd4 17. Qxd4 Qxd4 18. Rxd4 Rxe2 19. g4 Be6 20. Bxb7 Rb8
21. Bf3 Rexb2 22. a3 Rc8 23. Bd5 Bxd5 24. Rxd5 Rc4 25. h3 Rf4 26. Rf1 Rb3 27.
Ra5 Rxh3 28. Kg2 Rb3 29. f3 Rb7 30. Rd1 Rf6 31. Rd3 Kg7 32. Kg3 Rc6 33. Re3 Rc2
34. f4 h6 35. Rd3 Re7 36. Kf3 Rc4 37. Re3 Rd7 38. Kg3 Rd1 39. Rf3 Rg1+ 40. Kh3
Rc2 41. Rxa7 Rcg2 42. g5 h5 43. Ra8 Rc2 44. Re3 Rh1+ 45. Kg3 h4+ 46. Kg4 Rg2+
47. Kf3 Rg3+ 48. Ke4 Rhh3 49. Rxg3 Rxg3 50. Rb8 Rxa3 51. Rb2 h3 52. Rc2 Rg3 53.
Ra2 Rb3 54. Kd4 Kf8 55. Ke4 Rg3 56. Ra8+ Ke7 57. Ra7+ Ke6 58. Ra6+ Ke7 59. Ra7+
Kf8 60. Ra8+ Kg7 61. Ra2 Rg2 62. Ra1 Rb2 63. Kf3 Rb3+ 64. Kg4 f5+ 65. gxf6+ Kxf6
66. Rh1 Ra3 1/2-1/2

[Event "64th ch-GRE 2014"]
[Site "Vrachati GRE"]
[Date "2014.12.09"]
[Round "7.5"]
[White "Nikolaidis, Ioannis"]
[Black "Goumas, Georgios"]
[Result "1/2-1/2"]
[WhiteTitle "GM"]
[WhiteElo "2559"]
[BlackElo "2378"]
[WhiteFideId "4202139"]
[BlackFideId "4208935"]
[EventDate "2014.12.03"]

1. Nf3 c5 2. c4 Nc6 3. Nc3 e5 4. d3 d6 5. a3 Nf6 6. Bg5 Be7 7. Bxf6 Bxf6 8. g3
O-O 9. Bg2 a5 10. O-O Be6 11. Nd2 Qd7 12. e3 Bd8 13. Qa4 h5 14. Nd5 f5 15. b4
cxb4 16. axb4 f4 17. exf4 Bh3 18. fxe5 Bxg2 19. Kxg2 dxe5 20. Qd1 h4 21. h3 Ne7
22. Qg4 Qxg4 23. hxg4 Nxd5 24. cxd5 a4 25. b5 Bb6 26. Nc4 Bd4 27. Ra2 hxg3 28.
Kxg3 Rfd8 29. d6 Bc5 30. Rfa1 a3 31. Kf3 Kf7 32. Ke4 Ke6 33. f4 exf4 34. Kxf4
Bxd6+ 35. Nxd6 Kxd6 36. Rxa3 Rf8+ 37. Kg5 Rae8 38. d4 Re4 39. Rg3 Rf6 40. Rd1
Ree6 41. Rc3 Rg6+ 42. Kf4 Ref6+ 43. Kg3 Rg5 44. Rc5 Rxc5 45. dxc5+ Kxc5 46. Rd7
b6 47. Rxg7 Kxb5 48. g5 Rc6 49. Rf7 Ka4 50. Rf6 Rc3+ 51. Kh4 b5 52. g6 Rc8 53.
g7 Rg8 54. Ra6+ 1/2-1/2

[Event "64th ch-GRE 2014"]
[Site "Vrachati GRE"]
[Date "2014.12.10"]
[Round "8.1"]
[White "Aggelis, Nikolaos"]
[Black "Goumas, Georgios"]
[Result "1/2-1/2"]
[WhiteTitle "FM"]
[WhiteElo "2338"]
[BlackElo "2378"]
[WhiteFideId "4213220"]
[BlackFideId "4208935"]
[EventDate "2014.12.03"]

1. Nf3 d5 2. g3 Nf6 3. d4 e6 4. Bg2 Be7 5. O-O O-O 6. c4 dxc4 7. Qc2 a6 8. a4
Bd7 9. Qxc4 Bc6 10. Bg5 Bd5 11. Qd3 Be4 12. Qc4 Bd5 13. Qc2 Be4 14. Qc4 Bd5 15.
Qd3 Be4 1/2-1/2

[Event "64th ch-GRE 2014"]
[Site "Vrachati GRE"]
[Date "2014.12.10"]
[Round "8.2"]
[White "Kapnisis, Spyridon"]
[Black "Nikolaidis, Ioannis"]
[Result "1/2-1/2"]
[WhiteTitle "GM"]
[BlackTitle "GM"]
[WhiteElo "2451"]
[BlackElo "2559"]
[WhiteFideId "4203445"]
[BlackFideId "4202139"]
[EventDate "2014.12.03"]

1. e4 c5 2. Nf3 e6 3. d4 cxd4 4. Nxd4 Nc6 5. Nc3 Qc7 6. Be2 d6 7. Ndb5 Qb8 8.
Bf4 e5 9. Be3 Nf6 10. Bg5 a6 11. Bxf6 gxf6 12. Na3 Be6 13. Nc4 Qa7 14. Nd5 O-O-O
15. O-O Rg8 16. c3 f5 17. exf5 Bxf5 18. b4 Ne7 19. Ncb6+ Kb8 20. a4 Nxd5 21.
Nxd5 Be6 22. Rb1 f5 23. Qb3 e4 24. Rfd1 f4 25. b5 axb5 26. axb5 Qc5 27. Bf1 e3
28. Ra1 Rg5 29. c4 Bg7 30. Ra2 Bxd5 31. cxd5 f3 32. Qxe3 Qxe3 33. fxe3 fxg2 34.
Bxg2 Kc7 35. Rf2 1/2-1/2

[Event "64th ch-GRE 2014"]
[Site "Vrachati GRE"]
[Date "2014.12.10"]
[Round "8.3"]
[White "Kourkoulos-Arditis, Stamatis"]
[Black "Mastrovasilis, Athanasios"]
[Result "0-1"]
[WhiteTitle "FM"]
[BlackTitle "GM"]
[WhiteElo "2294"]
[BlackElo "2521"]
[WhiteFideId "4221990"]
[BlackFideId "4201990"]
[EventDate "2014.12.03"]

1. e4 e5 2. Nf3 Nc6 3. Bb5 Nf6 4. d3 Bc5 5. c3 d6 6. O-O O-O 7. Nbd2 Ne7 8. d4
exd4 9. cxd4 Bb6 10. h3 d5 11. e5 Ne4 12. Re1 Bf5 13. Nf1 f6 14. Be3 Ng6 15. g4
Be6 16. N1d2 fxe5 17. Nxe4 dxe4 18. Nxe5 Nxe5 19. dxe5 Qh4 20. Bxb6 axb6 21. Qe2
Rf3 22. Bc4 Bxc4 23. Qxc4+ Kh8 24. Re2 e3 25. fxe3 Rg3+ 26. Rg2 Rxh3 0-1

[Event "64th ch-GRE 2014"]
[Site "Vrachati GRE"]
[Date "2014.12.10"]
[Round "8.4"]
[White "Malikentzos, Sotirios"]
[Black "Banikas, Hristos"]
[Result "1/2-1/2"]
[WhiteTitle "FM"]
[BlackTitle "GM"]
[WhiteElo "2395"]
[BlackElo "2637"]
[WhiteFideId "4215079"]
[BlackFideId "4202031"]
[EventDate "2014.12.03"]

1. Nf3 c5 2. c4 g6 3. Nc3 Bg7 4. g3 Nc6 5. Bg2 d6 6. O-O Bf5 7. b3 Nh6 8. d4
cxd4 9. Bxh6 Bxh6 10. Nxd4 Bd7 11. e3 O-O 12. Rc1 Rc8 13. Nd5 Re8 14. Qd2 Nxd4
15. Qxd4 Qa5 16. Qc3 Qxc3 17. Nxc3 Bc6 18. Nd5 Bg7 19. Rfd1 Kf8 20. Rd2 Red8 21.
a4 e6 22. Nb4 Bxg2 23. Kxg2 d5 24. Rdc2 a5 25. Na2 d4 26. exd4 Rxd4 27. Re1 Rd3
28. Nc1 Rd7 29. Re3 Bh6 30. Re5 Bxc1 31. Rxc1 Ra8 1/2-1/2

[Event "64th ch-GRE 2014"]
[Site "Vrachati GRE"]
[Date "2014.12.10"]
[Round "8.5"]
[White "Stathopoulos, Ioannis"]
[Black "Kotronias, Vasilios"]
[Result "0-1"]
[WhiteTitle "FM"]
[BlackTitle "GM"]
[WhiteElo "2271"]
[BlackElo "2566"]
[WhiteFideId "4223098"]
[BlackFideId "5900212"]
[EventDate "2014.12.03"]

1. d4 Nf6 2. c4 e6 3. Nf3 d5 4. g3 Be7 5. Bg2 O-O 6. O-O dxc4 7. Qc2 a6 8. Qxc4
b5 9. Qc2 Bb7 10. Bd2 Be4 11. Qc1 Nbd7 12. Ba5 Rc8 13. Nbd2 Ba8 14. a3 Qe8 15.
b4 Nd5 16. e4 N5b6 17. Ra2 f5 18. e5 Bd5 19. Rc2 c6 20. Ne1 Qh5 21. Nd3 Bg5 22.
f4 Be7 23. Bxd5 cxd5 24. Nc5 Nxc5 25. bxc5 Nc4 26. Nxc4 dxc4 27. a4 Qe8 28. Rb2
Qc6 29. Qc3 g5 30. Qf3 Qd7 31. Bc3 Rb8 32. Rfb1 g4 33. Qg2 Rfc8 34. Qf2 h5 35.
Ba5 h4 36. Bb6 Kf7 37. axb5 axb5 38. Rxb5 hxg3 39. hxg3 Rh8 40. R5b2 Qd5 41. Qg2
Qxd4+ 42. Kf1 Qd3+ 43. Ke1 Bxc5 0-1

[Event "64th ch-GRE 2014"]
[Site "Vrachati GRE"]
[Date "2014.12.11"]
[Round "9.1"]
[White "Kotronias, Vasilios"]
[Black "Aggelis, Nikolaos"]
[Result "1/2-1/2"]
[WhiteTitle "GM"]
[BlackTitle "FM"]
[WhiteElo "2566"]
[BlackElo "2338"]
[WhiteFideId "5900212"]
[BlackFideId "4213220"]
[EventDate "2014.12.03"]

1. e4 e5 2. Nf3 Nc6 3. Bb5 f5 4. Nc3 Nd4 5. Bc4 Nf6 6. O-O Nxf3+ 7. Qxf3 fxe4 8.
Nxe4 c6 9. Re1 d5 10. Nxf6+ Qxf6 11. Qh5+ Kd7 12. Bf1 Bd6 13. d3 Kc7 14. c4 Be6
15. cxd5 Bxd5 16. Be3 Rae8 17. f3 Kb8 18. Qg4 Bc7 19. Qa4 b6 20. Rac1 g5 21. Rc3
g4 22. fxg4 e4 23. g5 Qe5 24. g3 exd3 25. Rxd3 Qxb2 26. Rxd5 Rxe3 27. Rxe3 cxd5
28. Ra3 a5 29. Rb3 Qd2 30. Rf3 Qxg5 31. Qc6 Qe7 32. Rb3 Ka7 33. Qxd5 Rd8 34. Qc4
Qc5+ 35. Qxc5 bxc5 36. Rd3 c4 37. Rxd8 Bxd8 38. Bxc4 Kb6 39. Kg2 Kc5 40. Bg8 h6
41. Kf3 Kd6 42. Kg4 1/2-1/2

[Event "64th ch-GRE 2014"]
[Site "Vrachati GRE"]
[Date "2014.12.11"]
[Round "9.2"]
[White "Banikas, Hristos"]
[Black "Stathopoulos, Ioannis"]
[Result "1/2-1/2"]
[WhiteTitle "GM"]
[BlackTitle "FM"]
[WhiteElo "2637"]
[BlackElo "2271"]
[WhiteFideId "4202031"]
[BlackFideId "4223098"]
[EventDate "2014.12.03"]

1. Nf3 Nf6 2. c4 b6 3. g3 Bb7 4. Bg2 g6 5. d4 Bg7 6. O-O O-O 7. Qc2 c5 8. d5 b5
9. Nc3 bxc4 10. Nd2 d6 11. Nxc4 Nfd7 12. Rd1 Ba6 13. Ne3 Nb6 14. b3 Bxe2 15.
Qxe2 Bxc3 16. Rb1 N8d7 17. Ng4 Bg7 18. Bg5 Nf6 19. Nh6+ Kh8 20. Re1 Nfxd5 21.
Bxd5 Nxd5 22. Qc4 Nc3 23. Nxf7+ Rxf7 24. Qxf7 Nxb1 25. Rxb1 Qf8 26. Qxe7 h6 27.
Qxf8+ Bxf8 28. Bd2 Kg8 29. Kf1 Kf7 30. Ke2 a5 31. a4 d5 32. Kd3 h5 33. h3 Bd6
34. g4 Bc7 35. Be3 Bb6 36. Rc1 Rc8 37. Rc2 Rc6 38. Rc1 Rc8 39. Rc2 Rc6 1/2-1/2